000 00424nam a22001937a 4500
003 OSt
005 20210903101349.0
008 210903b |||||||| |||| 00| 0 eng d
020 _aISBN81-2612613-2
040 _cHU
050 _a1
082 _a535.030/NOO
100 _aMARIYAM NOOR
_91571
245 _aENCYCLOPAEDIAOF OPTICS
250 _a1
260 _aINDIA
_bLTD
_c2006
300 _a291
942 _2ddc
_cBOOKS
_n0
999 _c1903
_d1903